00674nam a2200181 a 450000100100000000500170001000800410002702000150006804000250008310000550010824500710016326000390023430000360027350000420030950400190035195201050037099900170047500003896920240710123701.0130509s2004 dr a 000 0 spa d a9945000020 aDO-SdBNPbspacBNPHU1 aMartínez Almanzar, Juan Franciscod1950 -91045910aEnriquillo idolo de barro /cJuan Francisco Martínez Almánzar. aSanto Domingo :bEditora 9,c2004. axxxxv, 278 p. :bils. ;c22 cm. aIncluye notas al pie de las páginas aBibliografía 0010718PDaPDbPDcCTd2013-05-09iLF1l0o p38969-10r2020-06-25w2020-06-25yLFPDZNo se presta c38459d38459